000
00185 a2200097 4500
020
_a
9789580412878
041
_a
spa
100
_a
a. amoros
245
_a
el baul misterioso
942
_c
BK
999
_c
10883
_d
10883